Science Quiz

Random Science Quiz

Can you name the moons of the Solar System? Quiz Stats

 Plays Quiz not verified by Sporcle

Score 0/182 Timer 16:00
0 Plays Today
Moon % Correct
Luna
94.7%
Io
93%
Europa
86%
Ganymede
86%
Phobos
82.5%
Deimos
82.5%
Titan
82.5%
Callisto
80.7%
Triton
77.2%
Charon
70.2%
Titania
66.7%
Oberon
66.7%
Rhea
61.4%
Tethys
56.1%
Nix
56.1%
Iapetus
54.4%
Miranda
54.4%
Enceladus
52.6%
Dione
52.6%
Hyperion
52.6%
Phoebe
52.6%
Mimas
49.1%
Ariel
49.1%
Hydra
49.1%
Amalthea
45.6%
Umbriel
45.6%
Puck
45.6%
Nereid
45.6%
Prometheus
43.9%
Pandora
43.9%
Pan
43.9%
Himalia
40.4%
Metis
40.4%
Janus
40.4%
Ananke
38.6%
Atlas
38.6%
Juliet
38.6%
Leda
36.8%
Thebe
36.8%
Calypso
36.8%
Styx
36.8%
Sinope
35.1%
Ophelia
35.1%
Naiad
35.1%
Dysnomia
35.1%
Elara
33.3%
Carme
33.3%
Adrastea
33.3%
Iocaste
33.3%
Dia
33.3%
Pasiphae
31.6%
Lysithea
31.6%
Callirrhoe
31.6%
Themisto
31.6%
Megaclite
31.6%
Autonoe
31.6%
Eurydome
31.6%
Kallichore
31.6%
Kore
31.6%
Galatea
31.6%
Larissa
31.6%
Moon % Correct
Praxidike
29.8%
Kale
29.8%
Herse
29.8%
Telesto
29.8%
Taygete
28.1%
Harpalyke
28.1%
Aitne
28.1%
Sponde
28.1%
Arche
28.1%
Carpo
28.1%
Rosalind
28.1%
Proteus
28.1%
Sao
28.1%
Kerberos
28.1%
Chaldene
26.3%
Kalyke
26.3%
Erinome
26.3%
Isonoe
26.3%
Euanthe
26.3%
Euporie
26.3%
Orthosie
26.3%
Mneme
26.3%
Thelxinoe
26.3%
Helike
26.3%
Eukelade
26.3%
Cyllene
26.3%
Ymir
26.3%
Caliban
26.3%
Sycorax
26.3%
Cupid
26.3%
Thyone
24.6%
Hermippe
24.6%
Hegemone
24.6%
Aoede
24.6%
Helene
24.6%
Paaliaq
24.6%
Suttungr
24.6%
Methone
24.6%
Bianca
24.6%
Cressida
24.6%
Desdemona
24.6%
Prospero
24.6%
Margaret
24.6%
Ferdinand
24.6%
Thalassa
24.6%
Despina
24.6%
S 2003 J 2
24.6%
S 2003 J 3
24.6%
S 2003 J 4
24.6%
S 2003 J 5
24.6%
S 2003 J 9
24.6%
S 2003 J 10
24.6%
S 2003 J 12
24.6%
S 2003 J 15
24.6%
S 2003 J 16
24.6%
S 2003 J 18
24.6%
S 2003 J 19
24.6%
S 2003 J 23
24.6%
S 2004 N 1
24.6%
Pasithee
22.8%
Epimtheus
22.8%
Moon % Correct
Ijiraq
22.8%
Cordelia
22.8%
Portia
22.8%
Belinda
22.8%
Neso
22.8%
S 2010 J 2
22.8%
S 2010 J 2
22.8%
S 2006 S 1
22.8%
S 2006 S 3
22.8%
S 2007 S 2
22.8%
S 2007 S 3
22.8%
Tarvos
21.1%
Albiorix
21.1%
Skathi
21.1%
Erriapus
21.1%
Siarnaq
21.1%
Thrymr
21.1%
Daphnis
21.1%
Fenrir
21.1%
Surtur
21.1%
Perdita
21.1%
Laomedeia
21.1%
Hi'iaka
21.1%
S 2015 (136472) 1
21.1%
S 2011 J 1
21.1%
S 2011 J 2
21.1%
S 2004 S 7
21.1%
S 2004 S 12
21.1%
S 2004 S 13
21.1%
S 2004 S 17
21.1%
S 2009 S 1
21.1%
Kiviuq
19.3%
Mundilfari
19.3%
Pallene
19.3%
Polydeuces
19.3%
Bebhionn
19.3%
Farbauti
19.3%
Fornjot
19.3%
Loge
19.3%
Skoll
19.3%
Anthe
19.3%
Jarnsaxa
19.3%
Tarqeq
19.3%
Setebos
19.3%
Stephano
19.3%
Francisco
19.3%
Mab
19.3%
Halimede
19.3%
Namaka
19.3%
Aegir
17.5%
Bestla
17.5%
Hati
17.5%
Kari
17.5%
Greip
17.5%
Aegaeon
17.5%
Trinculo
17.5%
Narvi
15.8%
Hyrrokkin
15.8%
Psmathe
15.8%
Berbelmir
10.5%

You're not logged in!

Compare scores with friends on all Sporcle quizzes.
OR
Log In

Sporcle TV

Today on Sporcle TV


Watch our educational content, quiz creation guides, and fun videos on Sporcle TV.

Show Comments

Extras

Top Quizzes Today


Score Distribution

Your Account Isn't Verified!

In order to create a playlist on Sporcle, you need to verify the email address you used during registration. Go to your Sporcle Settings to finish the process.

Report this User

Report this user for behavior that violates our Community Guidelines.

Details: